[Event "Provincial-ch Valencia Preferente"]
[Site "Valencia"]
[Date "2013.11.09"]
[Round "5"]
[White "Perales Arona, Joaquin"]
[Black "Gomez Ibanez, David"]
[Result "1-0"]
[WhiteElo "1863"]
[BlackElo "1911"]
[PlyCount "91"]
[EventDate "2013.10.05"]
[EventType "swiss"]
[EventRounds "7"]
[EventCountry "ESP"]
[SourceTitle "EXT 2024"]
[Source "ChessBase"]
[SourceDate "2023.10.10"]
[SourceVersion "1"]
[SourceVersionDate "2023.10.10"]
[SourceQuality "1"]

1. e4 e6 2. d4 d5 3. Nc3 Nf6 4. e5 Nfd7 5. f4 c5 6. Nf3 Nc6 7. dxc5 Bxc5 8. Bd3 f6 9. Qe2 Qe7 10. Nb5 Qd8 11. Be3 Be7 12. 0-0 f5 13. c4 a6 14. Nbd4 Nc5 15. Rad1 Nxd3 16. Qxd3 Nb4 17. Qb1 Bc5 18. Nxf5 Bxe3+ 19. Nxe3 Qb6 20. Nd4 dxc4 21. Nxc4 Qc5 22. Nd6+ Ke7 23. Kh1 Nd5 24. Qe4 g6 25. Rc1 Qb6 26. f5 gxf5 27. Qh4+ Kd7 28. Rfd1 Qd8 29. Qh6 Qe7 30. Rd3 Rg8 31. Rh3 Rg7 32. Qd2 f4 33. Rh6 Rg6 34. Rxg6 hxg6 35. Qc2 Qg7 36. Nf3 Qg8 37. Qa4+ Ke7 38. Qa3 Kd7 39. Nxc8 Qf7 40. Qd6+ Ke8 41. Ng5 Qd7 42. Nxe6 Qxd6 43. exd6 Kd7 44. Nf8+ Kd8 45. d7 b5 46. Nd6 1-0

[Event "Provincial-ch Burjassot Preferente"]
[Site "Valencia"]
[Date "2011.11.12"]
[Round "5"]
[White "Gomez Ibanez, David"]
[Black "Penades Ordaz, Carlos"]
[Result "1/2-1/2"]
[WhiteElo "1917"]
[BlackElo "2082"]
[PlyCount "40"]
[EventDate "2011.10.01"]
[EventType "swiss"]
[EventRounds "7"]
[EventCountry "ESP"]
[SourceTitle "EXT 2024"]
[Source "ChessBase"]
[SourceDate "2023.10.10"]
[SourceVersion "1"]
[SourceVersionDate "2023.10.10"]
[SourceQuality "1"]

1. d4 d6 2. Nf3 Nf6 3. c4 g6 4. Nc3 Bg7 5. Bg5 h6 6. Bd2 c6 7. Qc2 Nbd7 8. Rd1 0-0 9. e4 Qc7 10. Be2 e5 11. dxe5 dxe5 12. 0-0 Re8 13. h3 Nf8 14. Be3 b6 15. a4 Ne6 16. Rfe1 Bd7 17. Nh2 Rad8 18. b4 Bc8 19. Bf1 Nd4 20. Qc1 Kh7 1/2-1/2

[Event "Provincial-ch Valencia Primera"]
[Site "Valencia"]
[Date "2009.11.14"]
[Round "5"]
[White "Gomez Ibanez, David"]
[Black "Nieves Cabanes, Javier"]
[Result "1-0"]
[WhiteElo "1781"]
[BlackElo "1647"]
[PlyCount "165"]
[EventDate "2009.10.03"]
[EventType "swiss"]
[EventRounds "7"]
[EventCountry "ESP"]
[SourceTitle "EXT 2024"]
[Source "ChessBase"]
[SourceDate "2023.10.10"]
[SourceVersion "1"]
[SourceVersionDate "2023.10.10"]
[SourceQuality "1"]

1. d4 Nf6 2. c4 g6 3. Nc3 Bg7 4. e4 d6 5. Nf3 0-0 6. Be2 Nbd7 7. 0-0 e5 8. dxe5 dxe5 9. Bg5 c6 10. Qd6 Qb6 11. Rab1 Qc5 12. Rfd1 Re8 13. b4 Qxd6 14. Rxd6 Bf8 15. Rd2 h6 16. Bh4 g5 17. Bg3 a5 18. a3 axb4 19. axb4 Ra3 20. Rc2 Bd6 21. Nd2 Nf8 22. f3 Ne6 23. Bf1 Nd4 24. Rcc1 Nh5 25. Bf2 Nf4 26. Kh1 g4 27. c5 Bc7 28. Nc4 Rb3 29. Rxb3 Nxb3 30. Rd1 gxf3 31. gxf3 Ne6 32. Nd6 Bxd6 33. Rxd6 Nbd4 34. f4 Nxf4 35. Bxd4 exd4 36. Rxd4 Ne6 37. Rd6 Kg7 38. Kg2 Ng5 39. Bd3 Bg4 40. Kg3 h5 41. h4 Nh7 42. Kf4 Nf8 43. Bc4 Ng6+ 44. Kg3 Ne5 45. Be2 Bxe2 46. Nxe2 Ra8 47. Nf4 Ra3+ 48. Kg2 Ra2+ 49. Kf1 Ra1+ 50. Ke2 Ra2+ 51. Kd1 Rb2 52. Nxh5+ Kh7 53. Rd4 Nf3 54. Rc4 Nxh4 55. Nf6+ Kg6 56. Ne8 Ng2 57. Kc1 Ne3 58. Rc3 Re2 59. Nd6 Nf1 60. Rf3 Re1+ 61. Kc2 f6 62. Nxb7 Rxe4 63. Rxf1 Rxb4 64. Rb1 Re4 65. Rb6 Re7 66. Nd8 Rd7 67. Nxc6 Rc7 68. Kd3 Kf7 69. Rb7 Rxb7 70. Nd8+ Ke7 71. Nxb7 Kd7 72. Na5 Kc8 73. Ke4 Kb8 74. Kf5 Ka7 75. Kxf6 Ka6 76. c6 Kb6 77. Ke6 Kc7 78. Kd5 Kc8 79. Kd6 Kb8 80. Kd7 Ka8 81. c7 Ka7 82. Nc6+ Ka6 83. c8Q+ 1-0

[Event "Provincial-ch Valencia Primera"]
[Site "Valencia"]
[Date "2009.10.17"]
[Round "2"]
[White "Navarro Gomez, Gabriel"]
[Black "Gomez Ibanez, David"]
[Result "0-1"]
[WhiteElo "1775"]
[BlackElo "1781"]
[PlyCount "92"]
[EventDate "2009.10.03"]
[EventType "swiss"]
[EventRounds "7"]
[EventCountry "ESP"]
[SourceTitle "EXT 2024"]
[Source "ChessBase"]
[SourceDate "2023.10.10"]
[SourceVersion "1"]
[SourceVersionDate "2023.10.10"]
[SourceQuality "1"]

1. d4 d5 2. Nf3 c6 3. c4 Nf6 4. Nc3 e6 5. Bg5 Nbd7 6. e3 Qa5 7. a3 Ne4 8. Qb3 Nxg5 9. Nxg5 dxc4 10. Bxc4 Qxg5 11. 0-0 Nb6 12. Bd3 Bd6 13. f4 Qe7 14. Rf3 Nd5 15. Ne2 Bc7 16. e4 Nf6 17. Rg3 Nh5 18. Rh3 Nxf4 19. Nxf4 Bxf4 20. e5 g6 21. Rf1 Bd2 22. Rhf3 Rf8 23. Qc2 Ba5 24. Be4 Bd7 25. Rh3 h5 26. Rhf3 0-0-0 27. b4 Bb6 28. Rd3 Kb8 29. Rb1 f5 30. Bf3 h4 31. a4 Be8 32. Qc4 g5 33. a5 Bc7 34. b5 cxb5 35. Rxb5 Bxb5 36. Qxb5 Bxa5 37. Qxa5 g4 38. Be2 Rd5 39. Qa4 Qd7 40. Qa1 Rd8 41. Ra3 b6 42. h3 g3 43. Bd3 Rxd4 44. Rc3 Rxd3 45. Rxd3 Qxd3 46. Qxa7+ Kxa7 0-1